000 01290nam a22001457a 4500
999 _c532871
_d532871
008 260327b ||||| |||| 00| 0 eng d
100 _aMondal, Debdas
_959871
245 _aInvestigating the scientometric correlation between library expenditure, research funding and sponsored projects : A perspective of NIRF rankings of universities in west Bengal
260 _aIASLIC Bulletin
300 _a70(1), Mar, 2025: p.55-65
520 _aThe present research aims to explore the relationships between key academic and financial factors and their influence on the performance of universities as measured by the National Institutional Ranking Framework (NIRF). Overall, this research aims to provide insights into how financial and academic investments contribute to the scholarly reputation and ranking of universities in West Bengal, thereby potentially informing policy decisions and resource allocation to enhance institutional performance.- Reproduced https://www.iaslic1955.org.in/fckeditor/userfiles/file/IASLIC%20Bulletin%20March%202025%20abstract%20Book.pdf
650 _aNIRF, Institutional rankings, West Bengal Universities, Library expenditure, Workshop expenditure, Faculty count, Sponsored projects, Research fundings
_959872
773 _aIASLIC Bulletin
942 _cAR